000 00602nam a2200205 i 4500
001 123626
003 ES-MaACL
005 20230906192218.0
007 t|
008 070214s1910 fr r ||||1| fre d
100 1 _aRaibaud, Jules.
_995018
245 1 0 _aInstruments optiques /
_cpar Jules Raibaud.
260 _aParis :
_bOctave Doin et fils,
_c1910.
300 _a380 p. :
_bil. ;
_c19 cm.
490 1 _aEncyclopédie Scientifique
650 _aÓptica-
_xAparatos e instrumentos.
_9151723
830 0 _aEncyclopédie Scientifique
_9180883
852 _aES-MaACL
_jD-4351
999 _c123626
_d123626